1705 1067 1981 1148 1031 1375 1253 1292 1450 1279 1992 1197 1907 1226 1308 1397 1828 1868 1393 1808 1041 1803 1119 1010 1277 1012 1586 1711 1276 1636 1578 1599 1498 1214 1482 1316 1205 1819 1213 1895 1118 1760 1117 1196 1407 1979 1866 1391 1043 1255 1627 1049 1691 1157 1696 1396 1959 1519 1626 1470 1548 1017 1026 1777 1013 1595 1604 1473 1512 1200 1683 1022 1752 1718 1256 1409 1637 1216 1836 1733 1025 1490 1972 1926 1594 1691 1722 1919 1253 1851 1824 1313 1687 1123 1523 1371 1183 1178 1825 BCNSPRNW ULIB Ver.6.0+V

เปลี่ยนเป็นภาษาไทย

Change to English
 แสดงรายละเอียดบรรณานุกรม
  กลับหน้าหลัก

Brief Record : Get Marc (ISO 2709) : E-mail record : QR code < ปิดหน้าต่าง
LEADER : 00000nam 2200000uu 4500
001    13399113598
003     ULIB
008    020711s2550 th a 000 0 tha d
020    9743230521
090    นว.^bบ334จ 2550
100    บินหลา สันกาลาคีรี
245    เจ้าหงิญ/^cบินหลา สันกาลาคีรี
250    พิมพ์ครั้งที่ 19
260    กรุงเทพฯ :^bมติชน,^c2550
300    127 หน้า
710 1  มติชน
945    ^p100^l0^i14459
945    ^p100^l0^i022034
995    ทศพร
999 ^a ทศพร
รายการนี้ยังไม่มีแท็ก
คุณยังไม่ได้ล็อกอิน คุณสามารถมีกิจกรรมร่วมกับเว็บไซต์ได้ แต่ต้องล็อกอินก่อน ::
  ล็อกอิน

รายการสื่อสารสนเทศ

ลำดับที่ ประเภท เลขเรียก/บาร์โค้ด สถานที่ สถานะ
1. นวนิยาย
นวนิยาย
นว. บ334จ 2550 ฉ.1 
  Barcode: 14459
ห้องสมุดวิทยาเขตสวรรค์ประชารักษ์
►นวนิยาย
บนชั้น
  ขอยืม
2. นวนิยาย
นวนิยาย
นว. บ334จ 2550 ฉ.1 
  Barcode: 022034
ห้องสมุดวิทยาเขตสวรรค์ประชารักษ์
►นวนิยาย
บนชั้น
  ขอยืม

BibComment


ยังไม่เคยถูกคอมเมนท์

คอมเมนท์ทรัพยากรรายการนี้
  คอมเมนท์: เจ้าหงิญ บินหลา ส..


 Copyright 2026. Bcnsprnw @Library